The role of religion in the militaries of Egypt, Syria, and Jordan
| Main Author: | |
|---|---|
| Format: | Print Article |
| Language: | English |
| Check availability: | HBZ Gateway |
| Interlibrary Loan: | Interlibrary Loan for the Fachinformationsdienste (Specialized Information Services in Germany) |
| Published: |
Opladen
2002
|
| In: |
Orient
Year: 2002, Volume: 43, Issue: 2, Pages: 207-224 |
| Further subjects: | B
Sāfī Jordan
B Islam B State B Egypt B Religious organization B Cultural identity B Military sociology B Syria B Military |
MARC
| LEADER | 00000caa a22000002c 4500 | ||
|---|---|---|---|
| 001 | 1660991498 | ||
| 003 | DE-627 | ||
| 005 | 20231219061705.0 | ||
| 007 | tu | ||
| 008 | 040317s2002 xx ||||| 00| ||eng c | ||
| 035 | |a (DE-627)1660991498 | ||
| 035 | |a (DE-576)110435559 | ||
| 035 | |a (DE-599)BSZ110435559 | ||
| 035 | |a (DE-615)00532620 | ||
| 040 | |a DE-627 |b ger |c DE-627 |e rakwb | ||
| 041 | |a eng | ||
| 084 | |a RG01.16 |2 fivr | ||
| 084 | |a RG02.12 |2 fivr | ||
| 084 | |a RG02.14 |2 fivr | ||
| 084 | |a SF07 |2 fivs | ||
| 084 | |a SG09 |2 fivs | ||
| 084 | |a 0 |2 ssgn | ||
| 100 | 1 | |0 (DE-588)170171094 |0 (DE-627)060218827 |0 (DE-576)161021492 |4 aut |a Frisch, Hillel | |
| 109 | |a Frisch, Hillel | ||
| 245 | 1 | 0 | |a The role of religion in the militaries of Egypt, Syria, and Jordan |
| 264 | 1 | |a Opladen |c 2002 | |
| 300 | |a 43 (Juni 2002) 2, S. 207-224 |b zahlr. Lit.Hinw. | ||
| 336 | |a Text |b txt |2 rdacontent | ||
| 337 | |a ohne Hilfsmittel zu benutzen |b n |2 rdamedia | ||
| 338 | |a Band |b nc |2 rdacarrier | ||
| 601 | |a Religion | ||
| 650 | 0 | 7 | |0 (DE-588)4049401-9 |0 (DE-627)106187147 |0 (DE-576)209081899 |a Religionsgemeinschaft |2 gnd |
| 650 | 0 | 7 | |0 (DE-588)4056618-3 |0 (DE-627)106154303 |0 (DE-576)209118288 |a Staat |2 gnd |
| 650 | 0 | 7 | |0 (DE-588)4039305-7 |0 (DE-627)104757574 |0 (DE-576)209034408 |a Militär |2 gnd |
| 650 | 0 | 7 | |0 (DE-588)4027743-4 |0 (DE-627)106283499 |0 (DE-576)20897220X |a Islam |2 gnd |
| 650 | 0 | 7 | |0 (DE-588)4033542-2 |0 (DE-627)10625670X |0 (DE-576)20900259X |a Kulturelle Identität |2 gnd |
| 650 | 0 | 7 | |0 (DE-588)4169968-3 |0 (DE-627)105405930 |0 (DE-576)209926562 |a Militärsoziologie |2 gnd |
| 651 | 7 | |0 (DE-588)4000556-2 |0 (DE-627)104758139 |0 (DE-576)208838619 |a Ägypten |2 gnd | |
| 651 | 7 | |0 (DE-588)4058794-0 |0 (DE-627)104584882 |0 (DE-576)209127961 |a Syrien |2 gnd | |
| 651 | 7 | |0 (DE-588)4458326-6 |0 (DE-627)230193560 |0 (DE-576)212644122 |a Es Safı |g Jordanien |2 gnd | |
| 773 | 0 | 8 | |i In |t Orient |d Berlin : Dt. Orient-Institut, 1960 |g 43(2002), 2, Seite 207-224 |w (DE-627)129496626 |w (DE-600)207426-6 |w (DE-576)014895250 |x 0030-5227 |7 nnas |
| 773 | 1 | 8 | |g volume:43 |g year:2002 |g number:2 |g pages:207-224 |
| 935 | |a mteo | ||
| 936 | f | i | |0 (DE-627)175613362X |a RG01.16 |b Ägypten |k Naher und Mittlerer Osten und Nordafrika |k Nordafrika |k Ägypten |2 fivr |
| 936 | f | i | |0 (DE-627)1756133670 |a RG02.12 |b Jordanien |k Naher und Mittlerer Osten und Nordafrika |k Arabischer Osten/Israel |k Jordanien |2 fivr |
| 936 | f | i | |0 (DE-627)1756133697 |a RG02.14 |b Syrien |k Naher und Mittlerer Osten und Nordafrika |k Arabischer Osten/Israel |k Syrien |2 fivr |
| 936 | f | i | |0 (DE-627)1756135851 |a SF07 |b Militär und Gesellschaft/Staat |k Staat |k Militär und Gesellschaft/Staat |2 fivs |
| 936 | f | i | |0 (DE-627)1756136092 |a SG09 |b Religion/Religionsgemeinschaften |k Gesellschaft |k Religion/Religionsgemeinschaften |2 fivs |
| 938 | 1 | 0 | |0 (DE-627)175616522X |0 (DE-615)6601952 |a Ägypten |2 fivt |
| 938 | 1 | 0 | |0 (DE-627)1756146896 |0 (DE-615)6603410 |a Syrien |2 fivt |
| 938 | 1 | 0 | |0 (DE-627)1756236232 |0 (DE-615)6600694 |a Jordanien |2 fivt |
| 938 | 1 | 0 | |0 (DE-627)1756192235 |0 (DE-615)6610070 |a Verhältnis Religionsgemeinschaft - Staat |2 fivt |
| 938 | 1 | 0 | |0 (DE-627)1756200890 |0 (DE-615)6600476 |a Militär |2 fivt |
| 938 | 1 | 0 | |0 (DE-627)1756169551 |0 (DE-615)6605656 |a Islam |2 fivt |
| 938 | 1 | 0 | |0 (DE-627)1756154643 |0 (DE-615)6606459 |a Kulturelle Identität |2 fivt |
| 938 | 1 | 0 | |0 (DE-627)1756179832 |0 (DE-615)6610337 |a Militärsoziologie |2 fivt |
| 938 | 1 | 0 | |0 (DE-627)1756185212 |0 (DE-615)6609547 |a Verhältnis Militär - Gesellschaft |2 fivt |
| 951 | |a AR | ||
| ELC | |b 1 | ||
| ITA | |a 1 |t 1 | ||
| LOK | |0 000 xxxxxcx a22 zn 4500 | ||
| LOK | |0 001 4426525756 | ||
| LOK | |0 003 DE-627 | ||
| LOK | |0 004 1660991498 | ||
| LOK | |0 005 20231219173117 | ||
| LOK | |0 008 231205||||||||||||||||ger||||||| | ||
| LOK | |0 040 |a DE-Tue135 |c DE-627 |d DE-Tue135 | ||
| LOK | |0 092 |o n | ||
| LOK | |0 852 |a DE-Tue135 | ||
| LOK | |0 852 1 |9 00 | ||
| LOK | |0 935 |a fivi | ||
| LOK | |0 939 |a 05-12-23 |b l01 | ||
| ORI | |a SA-MARC-ixtheoa001.raw | ||
| REL | |a 1 | ||
| STA | 0 | 0 | |a Cultural identity,Cultural identity,Egypt,Egypt,Egypt,Egypt,Islam,Islam,Military sociology,Military,Armed forces,Armed Forces in art,Religious organization,Religious society,Religion,Denomination,State,Country,State, The, in literature,State, The, in art,Syria,Syria,Syria,Syria,Northern Syria,Northwestern Syria,Northeastern Syria |
| STB | 0 | 0 | |a Armée,Communauté religieuse,Identité culturelle,Identité culturelle,Islam,Islam,Sociologie militaire,Égypte,Égypte,État,État |
| STC | 0 | 0 | |a Comunidad religiosa,Egipto,Egipto,Ejército,Fuerzas armadas,Estado,Estado,Identidad cultural,Identidad cultural,Islam,Islam,Sociología militar |
| STD | 0 | 0 | |a Comunità religiosa,Egitto,Egitto,Esercito,Identità culturale,Identità culturale,Islam,Islam,Sociologia militare,Stato,Stato |
| STE | 0 | 0 | |a 伊斯兰教,伊斯兰教,回教,回教,军事,武装部队,军务,国家,宗教团体,文化认同,文化身份 |
| STF | 0 | 0 | |a 伊斯蘭教,伊斯蘭教,回教,回教,國家,宗教團體,文化認同,文化身份,軍事,武裝部隊,軍務 |
| STG | 0 | 0 | |a Comunidade religiosa,Egito,Egito,Estado,Estado,Exército,Identidade cultural,Identidade cultural,Islã,Islã,Sociologia militar |
| STH | 0 | 0 | |a Военная социология,Вооружённые силы,Государство (мотив),Государство,Египет (древний, мотив),Египет (мотив),Ислам (мотив),Ислам,Культурная идентичность (мотив),Культурная идентичность,Религиозная община |
| STI | 0 | 0 | |a Αίγυπτος (αρχαιότητα, μοτίβο),Αίγυπτος (μοτίβο),Θρησκευτική κοινότητα,Ισλάμ (μοτίβο),Ισλάμ,Κράτος (μοτίβο),Κράτος,Πολιτιστική ταυτότητα (μοτίβο),Πολιτιστική ταυτότητα,Στρατιωτική κοινωνιολογία,Στρατός |
| SUB | |a REL | ||
| SYE | 0 | 0 | |a Religious community,Glaubensgemeinschaft,Religiöse Vereinigung,Scientology,Sekte,Religionsgenossenschaft,Religionsgesellschaft,Religionsgemeinschaften , Land,Staatswesen,Staaten , Heerwesen,Kriegswesen,Streitkräfte,Wehrwesen,Militärwesen,Armee , Islam , Identität,Kulturelles Bewusstsein,Identität,Kulturelles Bewusstsein , Militär - Militärsoziologie,Militär |
| SYF | 0 | 0 | |a Ägypten,Ägypten , Aegyptus,Miṣr,Egypt,Chibet,Ghubt,Ghibt,Arabische Republik Ägypten,Dschumhūriyyat Misr al-ʿArabiyya,Ǧumhūriyyat Misr al-ʿArabiyya,República Árabe de Egipto,Ŷumhūriyyat Miṣr Al-ʿArabiyyah,Arab Republic of Egypt,Ǧumhūriyyat Miṣr al-ʿArabiyyah,Arabiese Republiek Egipte,République arabe d'Égypte,Jumhuriyyat Miṣr al-ʿArabiyyah,Repubblica Araba d'Egitto,Egyiptomi Arab Köztársaság,Mısır Arap Cumhuriyeti,Ǧumhūrīyat Miṣr al-ʿArabīya,ARE,Egypte,al- Mamlaka al-Miṣrīya,ad- Daula al-Miṣrīya,Mısır,Egapt,République d'Egypte,Republic of Egypt,Egitto,Kingdom of Egypt,Republica Arabe de Egipto,Maṣr , Araber , Syrien,al- Ǧumhūrīya as-Sūrīya,al- Ǧumhūrīya al-ʿArabīya as-Sūrīya,Syrie,République Syrienne,Arabskiej Republiki Syryjskiej,Suriye,Siria,Repubblica Araba Siriana,Sowria,Sūriyā,Syrian Arab Republic,République Arabe Syrienne,Arabische Republik Syrien,Daulat Sūriyā,Province of Syria,Syrische Arabische Republik,SAR,SAR,RAS,Syria,al-Ǧumhūrīya as-Sūrīya,al-Ǧumhūrīya al-ʿArabīya as-Sūrīya,Syrie,Syrien,Syria,Syrien,Syrie,Arabische Republik Syrien,République Arab Syrienne,Syrian Arab Republic,al-Ǧumhūriyya al-ʿArabiyya as-Sūriyya , Zoara,Zoar,Zohar,Soar,Zoaras,Zoora,Ghor Es-Safi,Safi,Aş Şāfī,Ġōr ẹs-Ṣāfiye,Zōara,Zara,Zora |